| 000 | 00723nam a22001577a 4500 | ||
|---|---|---|---|
| 003 | OSt | ||
| 005 | 20150918142654.0 | ||
| 008 | 150918b xxu||||| |||| 00| 0 eng d | ||
| 040 | _cRUA | ||
| 082 | _aAGR YOE 2005 B032 Or.1 | ||
| 100 |
_9766 _aYOEM SARATH |
||
| 245 | _aEffect of land improvenment by utilizing organic fertilizer on rice field in baphnom district,prey veng province,(ឥទ្ធិពលនៃការកែលំអដីដោយការប្រើប្រាស់ជីធម្មជាតិ លើដីស្រែក្នុងស្រុកបាភ្នំ ខេត្តព្រៃវែង) | ||
| 260 |
_aphnom penh _bRUA _c2005 |
||
| 300 |
_axi,45p. _cill. _g29cm. |
||
| 942 |
_2ddc _cAGR |
||
| 999 |
_c735 _d735 |
||